[Event "chess.com IoM Masters"]
[Site "Douglas ENG"]
[Date "2016.10.05"]
[Round "5.10"]
[White "L'Ami, Erwin"]
[Black "Salem, A.R. Saleh"]
[Result "1/2-1/2"]
[WhiteTitle "GM"]
[BlackTitle "GM"]
[WhiteElo "2605"]
[BlackElo "2650"]
[WhiteFideId "1007998"]
[BlackFideId "9301348"]
[EventDate "2016.10.01"]

1. Nf3 c5 2. c4 Nf6 3. Nc3 d5 4. cxd5 Nxd5 5. e4 Nb4 6. Bc4 Nd3+ 7. Ke2 Nf4+ 8.
Kf1 Ne6 9. d3 g6 10. h4 h6 11. Be3 Bg7 12. Bxe6 Bxe6 13. Bxc5 Nc6 14. Be3 Bg4
15. Qd2 Qd7 16. Ne1 Rd8 17. f3 Be6 18. Rd1 Qc7 19. b3 f5 20. exf5 gxf5 21. Ne2
Bf7 22. Rc1 Qd7 23. b4 b6 24. h5 e5 25. a3 Ne7 26. f4 e4 27. d4 Nd5 28. Bf2 O-O
29. Nc2 Qb5 30. Kg1 Rd6 31. Ne3 Qd3 32. Rd1 Nxe3 33. Bxe3 Qxa3 34. Kf2 Rc8 35.
Rc1 Rc4 36. Rxc4 Bxc4 37. Ng3 Rd5 38. Rc1 b5 39. Qc3 Qxc3 40. Rxc3 Bf8 41. Ra3
Bxb4 42. Rxa7 Bd6 43. Rd7 Bxf4 44. Rxd5 Bxg3+ 45. Kxg3 Bxd5 46. Bxh6 b4 47. Bc1
b3 48. Kf4 Kh7 49. g3 Kg7 50. Bb2 Kh6 51. Bc1 Kxh5 52. Bb2 Kg6 53. Bc1 Kf6 54.
Bb2 Ke6 55. Ke3 Bb7 56. Kf4 Kd5 57. Ke3 Kc4 58. Kd2 Kd5 1/2-1/2

[Event "chess.com IoM Masters"]
[Site "Douglas ENG"]
[Date "2016.10.05"]
[Round "5.11"]
[White "Hou, Yifan"]
[Black "Hemant, Sharma2"]
[Result "1-0"]
[WhiteTitle "GM"]
[WhiteElo "2649"]
[BlackElo "2371"]
[WhiteFideId "8602980"]
[BlackFideId "5025842"]
[EventDate "2016.10.01"]

1. e4 c5 2. Nc3 Nc6 3. Bb5 g6 4. Bxc6 dxc6 5. d3 Bg7 6. Be3 b6 7. Qd2 e5 8. h3
Qd6 9. f4 Nf6 10. Nf3 exf4 11. Bxf4 Qe7 12. O-O O-O 13. Bg5 Qc7 14. Nh2 Ne8 15.
Bh6 Be6 16. Rae1 Rd8 17. e5 c4 18. Ne4 Bxh6 19. Qxh6 Qxe5 20. Nf6+ Qxf6 21. Rxf6
Nxf6 22. dxc4 Rfe8 23. Nf3 Bf5 24. Rxe8+ Rxe8 25. Qf4 Nh5 26. Qc7 Bxc2 27. Ne5
Rf8 28. Nd7 1-0

[Event "chess.com IoM Masters"]
[Site "Douglas ENG"]
[Date "2016.10.05"]
[Round "5.12"]
[White "Illingworth, Max"]
[Black "Bachmann, Axel"]
[Result "1-0"]
[WhiteTitle "GM"]
[BlackTitle "GM"]
[WhiteElo "2465"]
[BlackElo "2645"]
[WhiteFideId "3205207"]
[BlackFideId "3700488"]
[EventDate "2016.10.01"]

1. e4 g6 2. d4 Bg7 3. Nf3 d6 4. Be2 Nf6 5. Nc3 O-O 6. O-O Nc6 7. d5 Nb8 8. h3 c6
9. a4 b6 10. Bg5 Bb7 11. Re1 Nbd7 12. Qd2 Rc8 13. Bf1 Re8 14. Rad1 cxd5 15. exd5
Rc5 16. Nd4 a6 17. b4 Rc8 18. Nc6 Rxc6 19. dxc6 Bxc6 20. Bxa6 Bxg2 21. Kxg2 Qa8+
22. Nd5 e6 23. Bc4 Ne5 24. Bxf6 Nxc4 25. Qd4 Bxf6 26. Qe4 Be5 27. Nc7 d5 28.
Qxe5 Qxa4 29. Qa1 1-0

[Event "chess.com IoM Masters"]
[Site "Douglas ENG"]
[Date "2016.10.05"]
[Round "5.13"]
[White "Melkumyan, Hrant"]
[Black "Praggnanandhaa, R"]
[Result "1-0"]
[WhiteTitle "GM"]
[BlackTitle "IM"]
[WhiteElo "2653"]
[BlackElo "2442"]
[WhiteFideId "13302485"]
[BlackFideId "25059530"]
[EventDate "2016.10.01"]

1. e4 c5 2. Nf3 d6 3. Bb5+ Nd7 4. O-O a6 5. Bd3 Ngf6 6. Re1 b6 7. c3 Bb7 8. Bc2
e5 9. d4 cxd4 10. cxd4 Be7 11. Nbd2 O-O 12. Nf1 Qc7 13. Ng3 Rfe8 14. Bd2 Rac8
15. Rc1 Qb8 16. Bc3 Bf8 17. Qd2 exd4 18. Nxd4 d5 19. Ndf5 dxe4 20. Qg5 Rxc3 21.
bxc3 g6 22. Nh6+ Bxh6 23. Qxh6 Qe5 24. Qd2 Nc5 25. h3 Kg7 26. Rcd1 h5 27. Nf1
Ne6 28. Qd6 Qxc3 29. Bb3 b5 30. Ne3 h4 31. Rc1 Qd4 32. Red1 Qxd6 33. Rxd6 Re7
34. Bxe6 fxe6 35. a3 Nd5 36. Nxd5 exd5 37. Kf1 Kh6 38. Ke2 Rf7 39. Ke3 Kg5 40.
Rb6 Rd7 41. Kd4 Re7 42. Rc3 Kf5 43. g3 hxg3 44. fxg3 Kg5 45. h4+ Kh5 46. Rc2 e3
47. Re2 Re4+ 48. Kd3 Bc8 49. Rxe3 Ra4 50. Ke2 Bf5 51. Kf3 Be4+ 52. Kf2 Kg4 53.
Rf6 Bf5 54. Rb3 Kh5 55. Rf8 Be4 56. Ra8 Kg4 57. Rf8 Kh5 58. Re8 Rc4 59. Re5+ Kh6
60. g4 Rc2+ 61. Kg3 Rg2+ 62. Kh3 Rg1 63. Re7 Rh1+ 64. Kg3 Rg1+ 65. Kf4 Rf1+ 66.
Ke5 Rg1 67. h5 Rxg4 68. hxg6 Kxg6 69. Re6+ Kg5 70. Rxa6 Bc2 71. Rb4 Re4+ 72.
Kxd5 Re3 73. Rxb5 Bd3 74. a4 Kf5 75. Rab6 Bxb5 76. axb5 Rd3+ 77. Kc4 Rd1 78. Rh6
Ke5 79. b6 Rc1+ 80. Kb5 Kd5 81. b7 Rb1+ 82. Ka6 Rb2 83. Ka7 Ra2+ 84. Ra6 1-0

[Event "chess.com IoM Masters"]
[Site "Douglas ENG"]
[Date "2016.10.05"]
[Round "5.14"]
[White "Sundararajan, Kidambi"]
[Black "Granda Zuniga, Julio E"]
[Result "1-0"]
[WhiteTitle "GM"]
[BlackTitle "GM"]
[WhiteElo "2429"]
[BlackElo "2648"]
[WhiteFideId "5005370"]
[BlackFideId "3800024"]
[EventDate "2016.10.01"]

1. Nf3 d5 2. g3 c6 3. Bg2 Bg4 4. O-O Nd7 5. d3 e5 6. e4 dxe4 7. dxe4 f6 8. a4 a5
9. Na3 Bc5 10. Nc4 Qc7 11. c3 Ne7 12. Rb1 O-O 13. b4 axb4 14. cxb4 Ba7 15. Be3
Be6 16. Nfd2 Bd4 17. a5 c5 18. b5 Bc3 19. Qc2 Bxa5 20. Nxa5 Qxa5 21. Rfc1 b6 22.
Bf1 Rfe8 23. Bc4 Nf8 24. Qb3 Nc8 25. Bxe6+ Rxe6 26. Nc4 Qa7 27. Rd1 Qc7 28. Rbc1
Kh8 29. f4 Re8 30. f5 Qf7 31. Rd5 Ra7 32. Rcd1 Rd7 33. Qa4 Red8 34. Qa6 Rxd5 35.
Rxd5 Qc7 36. Rxd8 Qxd8 37. Qb7 Kg8 38. Kf2 Nd7 39. Qd5+ Kf8 40. Nxb6 Qxb6 41.
Qxd7 Nd6 42. Kf3 h5 43. Qc6 Qxb5 44. Qxd6+ Kg8 45. Kf2 Qb1 46. Qd5+ Kh7 47. Bxc5
Qc2+ 48. Kg1 Qe2 49. Bf2 Kh8 50. h4 Kh7 51. Qb7 1-0

[Event "chess.com IoM Masters"]
[Site "Douglas ENG"]
[Date "2016.10.05"]
[Round "5.15"]
[White "Meier, Georg"]
[Black "Paehtz, Elisabeth"]
[Result "1/2-1/2"]
[WhiteTitle "GM"]
[BlackTitle "IM"]
[WhiteElo "2648"]
[BlackElo "2459"]
[WhiteFideId "4675789"]
[BlackFideId "4641833"]
[EventDate "2016.10.01"]

1. Nf3 Nf6 2. g3 g6 3. Bg2 Bg7 4. O-O O-O 5. d4 c6 6. b3 d5 7. c4 Ne4 8. Bb2 Bf5
9. e3 a5 10. Nc3 Nxc3 11. Bxc3 Nd7 12. Qe2 Qb6 13. Rfc1 Rfc8 14. h3 Be4 15. Ng5
Bxg2 16. Kxg2 Nf6 17. Rab1 Qa6 18. a4 h6 19. Nf3 Ne4 20. Be1 e6 21. Rc2 b6 22.
Rbc1 c5 23. Qd1 dxc4 24. Rxc4 Qb7 25. dxc5 Rxc5 26. b4 axb4 27. Bxb4 Rxc4 28.
Rxc4 Rc8 29. Rxc8+ Qxc8 30. Nd2 Nxd2 31. Bxd2 Qc6+ 1/2-1/2

[Event "chess.com IoM Masters"]
[Site "Douglas ENG"]
[Date "2016.10.05"]
[Round "5.16"]
[White "Howell, David W L"]
[Black "Daulyte, Deimante"]
[Result "1-0"]
[WhiteTitle "GM"]
[BlackTitle "IM"]
[WhiteElo "2644"]
[BlackElo "2429"]
[WhiteFideId "410608"]
[BlackFideId "12802859"]
[EventDate "2016.10.01"]

1. Nf3 Nf6 2. g3 g6 3. Bg2 Bg7 4. c4 O-O 5. d4 d6 6. O-O Nc6 7. Nc3 e5 8. dxe5
dxe5 9. Bg5 Be6 10. Qa4 h6 11. Rfd1 Qe7 12. Bxf6 Bxf6 13. Nd2 Nd4 14. e3 Bd7 15.
Qa5 Nc6 16. Qxc7 Rfc8 17. Qxb7 Rab8 18. Qa6 Bg7 19. Nd5 Qd8 20. Ne4 Rc7 21. Qa3
Rcb7 22. Qd6 Bf8 23. Ndf6+ Kg7 24. Qd5 Nb4 25. Qxe5 Nc6 26. Ne8+ Kg8 27. N4f6+
Kh8 28. Bxc6 1-0

[Event "chess.com IoM Masters"]
[Site "Douglas ENG"]
[Date "2016.10.05"]
[Round "5.17"]
[White "Gupta, Abhijeet"]
[Black "Alvarado Diaz, Alejandro"]
[Result "1-0"]
[WhiteTitle "GM"]
[BlackTitle "IM"]
[WhiteElo "2626"]
[BlackElo "2425"]
[WhiteFideId "5010608"]
[BlackFideId "2276119"]
[EventDate "2016.10.01"]

1. d4 f5 2. g3 Nf6 3. Bg2 g6 4. Nh3 d6 5. Nc3 Bg7 6. d5 c6 7. Nf4 e5 8. dxe6 Na6
9. h4 Nc5 10. h5 Nxh5 11. Nxh5 gxh5 12. e4 Bxe6 13. Qxh5+ Bf7 14. Qxf5 Bg6 15.
Qg4 Qd7 16. Qh4 O-O 17. Bh6 Bf6 18. Bg5 Bxc3+ 19. bxc3 Nxe4 20. Bh6 Rfe8 21. O-O
Qf7 22. c4 Qf6 23. Qxf6 Nxf6 24. Rab1 Re7 25. Rb2 Rae8 26. Be3 a6 27. Bf4 Ne4
28. f3 Nc3 29. Bxd6 Rd7 30. c5 Re2 31. Bh3 Rf7 32. Bc8 Bxc2 33. Rxb7 Bd3 34. Rf2
Re1+ 35. Kg2 Rxb7 36. Bxb7 Bb5 37. Bc8 Kf7 38. Rc2 Nd5 39. Rb2 Re8 40. Bh3 Ne3+
41. Kh2 Nc4 42. Rc2 Ne3 43. Rf2 h5 44. Bf4 Nd5 45. Bd2 Re5 46. g4 hxg4 47. fxg4+
Kg6 48. Kg3 Re4 49. g5 Ra4 50. Bf5+ Kg7 51. Bc1 1-0

[Event "chess.com IoM Masters"]
[Site "Douglas ENG"]
[Date "2016.10.05"]
[Round "5.18"]
[White "Lenderman, Aleksandr"]
[Black "Karavade, Eesha"]
[Result "1/2-1/2"]
[WhiteTitle "GM"]
[BlackTitle "IM"]
[WhiteElo "2593"]
[BlackElo "2421"]
[WhiteFideId "2021285"]
[BlackFideId "5012600"]
[EventDate "2016.10.01"]

1. c4 e5 2. g3 Nf6 3. Bg2 c6 4. Nf3 e4 5. Nd4 Qb6 6. Nb3 a5 7. d3 a4 8. N3d2 d5
9. cxd5 exd3 10. O-O cxd5 11. exd3 Be6 12. Nc3 Qa5 13. Nf3 Nc6 14. Bd2 Be7 15.
Ng5 Bg4 16. Bf3 Bxf3 17. Nxf3 O-O 18. Ne2 Qb6 19. Bc3 Rfd8 20. Ned4 Nxd4 21.
Bxd4 Bc5 22. Bxc5 Qxc5 23. Rc1 Qb4 24. Rc2 Rac8 25. Re1 h6 26. a3 Qg4 27. Kg2
Rxc2 28. Qxc2 Rc8 29. Qd2 Re8 30. Rc1 Rc8 31. Ne5 Qe6 32. Rxc8+ Qxc8 33. Qb4 Qf5
34. Qd6 Qe6 35. Qb8+ Kh7 36. Nf3 Qb6 37. Qe5 Qb3 38. Qd4 Nd7 39. Nd2 Qb5 40. Nf1
f6 41. Ne3 Ne5 42. Nxd5 Qxd3 43. Qxd3+ Nxd3 44. Nb6 Nxb2 45. Kf3 Nd3 46. Ke3 Ne5
47. h3 Kg6 48. Kd4 Kf7 49. Nxa4 Ke7 50. Nc5 b5 51. Ne4 Kd7 52. f4 Nc4 53. a4 Na3
54. a5 Kc6 55. a6 Kb6 56. Nc5 Nc2+ 57. Ke4 Nb4 58. Ne6 g6 59. Nf8 Nxa6 60. Nd7+
Kc6 61. Nxf6 b4 62. Kd4 b3 63. Kc3 Nc5 64. g4 Kd6 65. f5 gxf5 66. gxf5 Ke5 67.
Ng4+ Kxf5 68. Nxh6+ Kg5 69. Ng4 1/2-1/2

[Event "chess.com IoM Masters"]
[Site "Douglas ENG"]
[Date "2016.10.05"]
[Round "5.19"]
[White "Gaponenko, Inna"]
[Black "Donchenko, Alexander"]
[Result "1/2-1/2"]
[WhiteTitle "IM"]
[BlackTitle "GM"]
[WhiteElo "2421"]
[BlackElo "2581"]
[WhiteFideId "14101181"]
[BlackFideId "24603295"]
[EventDate "2016.10.01"]

1. e4 c5 2. c3 d5 3. exd5 Qxd5 4. d4 g6 5. Nf3 Bg7 6. Na3 cxd4 7. Bc4 Qe4+ 8.
Be3 Nh6 9. cxd4 O-O 10. O-O Bg4 11. Bxh6 Bxh6 12. Re1 Qf5 13. Rxe7 Nc6 14. Rxb7
Rab8 15. Rb3 Rxb3 16. Bxb3 Rd8 17. Qc2 Qxc2 18. Nxc2 Bxf3 19. gxf3 Nxd4 20. Nxd4
Rxd4 21. Rd1 Rxd1+ 22. Bxd1 Kf8 23. b4 Ke7 24. Bb3 Bd2 25. b5 g5 26. h3 h5 27.
Kg2 h4 28. Kf1 Bf4 29. Ke2 Kd6 30. Bxf7 Kc5 1/2-1/2

[Event "chess.com IoM Masters"]
[Site "Douglas ENG"]
[Date "2016.10.05"]
[Round "5.20"]
[White "Marin, Mihail"]
[Black "Merry, Alan B"]
[Result "1/2-1/2"]
[WhiteTitle "GM"]
[BlackTitle "FM"]
[WhiteElo "2569"]
[BlackElo "2388"]
[WhiteFideId "1200020"]
[BlackFideId "418811"]
[EventDate "2016.10.01"]

1. Nf3 Nf6 2. c4 g6 3. b4 Bg7 4. Bb2 O-O 5. g3 d6 6. Bg2 e5 7. d3 Nbd7 8. O-O
Re8 9. Nbd2 Nf8 10. Qb3 Bd7 11. Rac1 a5 12. b5 Ne6 13. a4 Nc5 14. Qc2 Be6 15.
Rfe1 Nfd7 16. Nb1 f5 17. Nc3 Qe7 18. Nd2 Rac8 19. Nb3 e4 20. Nxa5 Ra8 21. Nb3
Nxa4 22. Nxa4 Rxa4 23. Bxg7 Qxg7 24. Nd4 Nc5 25. Nxe6 Rxe6 26. dxe4 fxe4 27.
Red1 Rb4 28. Rb1 Rxb1 29. Qxb1 b6 30. Qa1 Qxa1 31. Rxa1 Kg7 32. Ra7 Re7 33. f4
exf3 34. exf3 g5 35. Bf1 Nb3 36. Kf2 Kf6 37. Ra8 Nc5 38. Rg8 Nd7 39. Rc8 Ne5 40.
Be2 Ng6 41. Bd3 Ne5 42. Be2 Ng6 43. Rd8 Ne5 44. f4 gxf4 45. Rf8+ Rf7 46. Rxf7+
Kxf7 47. gxf4 Nd7 48. Bg4 1/2-1/2

[Event "chess.com IoM Masters"]
[Site "Douglas ENG"]
[Date "2016.10.05"]
[Round "5.21"]
[White "Tania, Sachdev"]
[Black "Brunello, Sabino"]
[Result "0-1"]
[WhiteTitle "IM"]
[BlackTitle "GM"]
[WhiteElo "2414"]
[BlackElo "2566"]
[WhiteFideId "5007844"]
[BlackFideId "813613"]
[EventDate "2016.10.01"]

1. d4 Nf6 2. c4 e6 3. Nf3 Bb4+ 4. Nbd2 O-O 5. a3 Be7 6. e4 d6 7. Bd3 e5 8. O-O
a5 9. b3 exd4 10. Nxd4 Re8 11. Bb2 Nbd7 12. Re1 Bf8 13. Qc2 g6 14. Bf1 c6 15. b4
Bg7 16. Bc3 axb4 17. axb4 Rxa1 18. Rxa1 Qb6 19. Ra8 Ng4 20. N2b3 Qc7 21. h3 Ngf6
22. Nd2 Nb6 23. Ra1 Qe7 24. N4f3 Nbd7 25. Re1 Nh5 26. Bxg7 Kxg7 27. Qc3+ Nhf6
28. Qd4 Kg8 29. Bd3 Nh5 30. Bf1 Nhf6 31. Bd3 Nf8 32. Qb2 N6d7 33. Nb1 Ne6 34.
Bf1 Ne5 35. Nxe5 dxe5 36. Qxe5 Qxb4 37. Rd1 Qc5 38. Qf6 Nf8 39. Rd8 Rxd8 40.
Qxd8 Bd7 41. Nd2 b5 42. cxb5 cxb5 43. Qb8 Kg7 44. Nf3 b4 45. Ne5 Qc3 46. Nxd7
Nxd7 47. Qd6 Ne5 48. Kh2 g5 49. Qd8 h6 50. Qa5 Qd4 51. f3 b3 52. Qb5 b2 53. Be2
Ng6 54. Qb7 Nf4 55. Bf1 Qd2 56. Qb5 Nxg2 57. Qe5+ Kh7 58. Qf5+ Kg8 0-1

[Event "chess.com IoM Masters"]
[Site "Douglas ENG"]
[Date "2016.10.05"]
[Round "5.22"]
[White "Aravindh, Chithambaram VR."]
[Black "Das, Arghyadip"]
[Result "1/2-1/2"]
[WhiteTitle "GM"]
[BlackTitle "IM"]
[WhiteElo "2564"]
[BlackElo "2400"]
[WhiteFideId "5072786"]
[BlackFideId "5003610"]
[EventDate "2016.10.01"]

1. e4 e5 2. Nf3 Nf6 3. Nxe5 d6 4. Nf3 Nxe4 5. c4 Nc6 6. Nc3 Nxc3 7. dxc3 Be7 8.
Bd3 Bg4 9. Be4 Qd7 10. O-O Bf5 11. Bd5 O-O 12. Re1 Bf6 13. Qb3 Rab8 14. Bf4 Ne7
15. Be4 Bxe4 16. Rxe4 Ng6 17. Bg3 Qc6 18. Rae1 a6 19. h4 h5 20. a4 b6 21. Qd1
Rbe8 22. Nd2 Rxe4 23. Nxe4 Bxh4 24. Bxh4 Nxh4 25. Qxh5 Ng6 26. Re3 Re8 27. Qd5
Qd7 28. a5 bxa5 29. c5 Nf4 30. Qg5 Ng6 31. Qd5 Nf4 32. Qg5 Ng6 33. cxd6 Re5 34.
Qg3 cxd6 35. Nd2 Qa4 36. b3 Qa1+ 37. Nf1 Qb1 38. c4 Qc1 39. Rc3 Qa1 40. Re3 a4
41. bxa4 Qxa4 42. Qg4 Qc6 43. Rb3 Re1 44. Rb8+ Re8 45. Qf3 Qa4 46. Qa8 Rxb8 47.
Qxb8+ Nf8 48. Ne3 Qa1+ 49. Kh2 Qe5+ 50. g3 g6 51. Qa7 a5 52. Nd5 Ne6 53. Qxa5
Kg7 1/2-1/2

[Event "chess.com IoM Masters"]
[Site "Douglas ENG"]
[Date "2016.10.05"]
[Round "5.23"]
[White "Shvayger, Yuliya"]
[Black "Shyam, Sundar M."]
[Result "1/2-1/2"]
[WhiteTitle "WIM"]
[BlackTitle "GM"]
[WhiteElo "2405"]
[BlackElo "2552"]
[WhiteFideId "14100126"]
[BlackFideId "5019141"]
[EventDate "2016.10.01"]

1. e4 e5 2. Nf3 Nc6 3. Nc3 Nf6 4. Bb5 Bc5 5. O-O O-O 6. Nxe5 Nxe5 7. d4 Bd6 8.
f4 Neg4 9. e5 Bb4 10. exf6 Nxf6 11. a3 Be7 12. d5 c6 13. d6 cxb5 14. dxe7 Qxe7
15. Qd4 b6 16. f5 Bb7 17. Bf4 Rfe8 18. Bg5 Rac8 19. Bxf6 Qxf6 20. Qxf6 gxf6 21.
Rad1 Re7 22. Rd2 Rc5 23. Rf4 Re1+ 24. Kf2 Rc1 25. Kg3 Bc6 26. Rff2 a5 27. Nd1
Kg7 28. c3 Re5 29. Rf4 Re1 30. Rfd4 h5 31. h4 Re5 32. Kf4 Kf8 33. g4 hxg4 34.
Kxg4 Be4 35. Ne3 Bb1 36. Rd1 Rxd1 37. Rxd1 Rxe3 38. Rxb1 b4 39. axb4 axb4 40.
Rd1 Re4+ 41. Kg3 bxc3 42. bxc3 Re3+ 43. Kg4 Rxc3 44. Rxd7 Rc4+ 45. Kg3 b5 46.
Rb7 Rb4 47. Rb8+ Kg7 48. Kh3 Rb1 49. Kh2 b4 50. Kg2 b3 51. Kh2 Rf1 52. Rxb3 Rxf5
53. Kg3 Kg6 54. Kg4 Ra5 55. Rb6 Ra4+ 56. Kg3 Re4 57. Ra6 Re6 58. Ra4 f5 59. Kf4
Re1 60. Ra6+ f6 61. h5+ Kxh5 62. Rxf6 Rf1+ 63. Kg3 Kg5 64. Ra6 Rb1 65. Ra4 Rb3+
66. Kf2 Rb2+ 67. Kg3 Rb3+ 68. Kf2 f4 69. Ra8 Rb2+ 70. Kf3 Rb3+ 71. Kf2 Rb2+ 1/2-1/2

[Event "chess.com IoM Masters"]
[Site "Douglas ENG"]
[Date "2016.10.05"]
[Round "5.24"]
[White "Svane, Rasmus"]
[Black "Houska, Jovanka"]
[Result "1-0"]
[WhiteTitle "GM"]
[BlackTitle "IM"]
[WhiteElo "2552"]
[BlackElo "2386"]
[WhiteFideId "4657101"]
[BlackFideId "405094"]
[EventDate "2016.10.01"]

1. c4 e6 2. g3 d5 3. Bg2 Nf6 4. d4 Bb4+ 5. Nd2 O-O 6. Nf3 b6 7. O-O Bb7 8. Ne5
Be7 9. b3 Nbd7 10. Bb2 c5 11. e3 Qc7 12. cxd5 Nxd5 13. Nxd7 Qxd7 14. dxc5 bxc5
15. Qe2 Rfd8 16. Rfd1 Qc7 17. Nc4 Bf6 18. Rac1 h6 19. Bxf6 Nxf6 20. e4 Rxd1+ 21.
Rxd1 a5 22. Nd6 e5 23. Qc2 Rd8 24. Nxb7 Rxd1+ 25. Qxd1 Qxb7 26. Qd8+ Kh7 27.
Qxa5 Nxe4 28. Qa4 f5 29. Qc4 Qa8 30. a4 Qb7 31. a5 Kh8 32. a6 Qb6 33. Qa4 Qa7
34. Qe8+ Kh7 35. Qxe5 g6 36. Bxe4 fxe4 37. Qe6 1-0

[Event "chess.com IoM Masters"]
[Site "Douglas ENG"]
[Date "2016.10.05"]
[Round "5.25"]
[White "Harika, Dronavalli"]
[Black "Arakhamia-Grant, Ketevan"]
[Result "1-0"]
[WhiteTitle "GM"]
[BlackTitle "GM"]
[WhiteElo "2528"]
[BlackElo "2376"]
[WhiteFideId "5015197"]
[BlackFideId "13600168"]
[EventDate "2016.10.01"]

1. Nf3 Nf6 2. c4 g6 3. Nc3 Bg7 4. g3 O-O 5. Bg2 d6 6. O-O e5 7. d4 Nbd7 8. e4 c6
9. h3 Qb6 10. d5 Nc5 11. Re1 a5 12. Be3 Qc7 13. dxc6 Ncxe4 14. Nd5 Nxd5 15. cxd5
bxc6 16. dxc6 Qxc6 17. Ng5 d5 18. Rc1 Qb5 19. a4 Qd7 20. Nxe4 dxe4 21. Bxe4 Rb8
22. h4 Rxb2 23. Rc5 f5 24. Qc1 Rb4 25. Rd1 Qe8 26. Bc6 Qe7 27. Bd5+ Be6 28. Rc7
Qd6 29. Qc5 Qa6 30. Qe7 1-0

[Event "chess.com IoM Masters"]
[Site "Douglas ENG"]
[Date "2016.10.05"]
[Round "5.26"]
[White "Schroeder, Jan-Christian"]
[Black "Balint, Vilmos"]
[Result "1/2-1/2"]
[WhiteTitle "GM"]
[WhiteElo "2514"]
[BlackElo "2334"]
[WhiteFideId "24662259"]
[BlackFideId "718050"]
[EventDate "2016.10.01"]

1. e4 e5 2. Nf3 Nc6 3. Bc4 Nf6 4. d3 Be7 5. O-O d6 6. a4 O-O 7. Re1 Na5 8. Ba2
c5 9. c3 Nc6 10. Na3 Be6 11. Bxe6 fxe6 12. Bd2 Nh5 13. b4 cxb4 14. cxb4 Nf4 15.
b5 Na5 16. d4 Rc8 17. Ra2 d5 18. Nxe5 dxe4 19. Bxa5 Qxa5 20. Nac4 Qc3 21. Rc2
Qb3 22. Rxe4 Nd5 23. Re1 Qxa4 24. Qb1 Bb4 25. Rec1 Rcd8 26. Ra2 Qxb5 27. Rxa7
Ra8 28. Rxa8 Rxa8 29. h3 Qa6 30. Qe4 Rf8 31. Nd3 Nc3 32. Nxb4 Qxc4 33. Nd3 Qxd4
34. Qxd4 Ne2+ 35. Kf1 Nxd4 36. Rc7 Rf7 37. Rc8+ Rf8 38. Rc7 Rf7 1/2-1/2

[Event "chess.com IoM Masters"]
[Site "Douglas ENG"]
[Date "2016.10.05"]
[Round "5.27"]
[White "Wallace, John Paul"]
[Black "Khmelniker, Ilya"]
[Result "1/2-1/2"]
[WhiteTitle "IM"]
[BlackTitle "GM"]
[WhiteElo "2355"]
[BlackElo "2493"]
[WhiteFideId "3200957"]
[BlackFideId "2805340"]
[EventDate "2016.10.01"]

1. Nf3 Nf6 2. c4 b6 3. g3 Bb7 4. Bg2 e6 5. O-O Be7 6. b3 O-O 7. Bb2 d5 8. e3 c5
9. Nc3 Nc6 10. cxd5 exd5 11. d4 Rc8 12. dxc5 bxc5 13. Nh4 Ba6 14. Re1 Nb4 15.
Nf5 Re8 16. Ba3 Bf8 17. Bxb4 cxb4 18. Nxd5 g6 19. Nxf6+ Qxf6 20. Nd4 Bc5 21. Qd2
Rcd8 22. Red1 Bxd4 23. exd4 Be2 24. Re1 Qxd4 25. Qxd4 Rxd4 26. a3 Bb5 27. Rxe8+
Bxe8 28. axb4 Rxb4 29. Bd5 Rb5 30. Bc4 Rb7 31. Ra6 1/2-1/2

[Event "chess.com IoM Masters"]
[Site "Douglas ENG"]
[Date "2016.10.05"]
[Round "5.28"]
[White "Karthik, Venkataraman"]
[Black "Puranik, Abhimanyu"]
[Result "0-1"]
[WhiteTitle "FM"]
[BlackTitle "IM"]
[WhiteElo "2317"]
[BlackElo "2471"]
[WhiteFideId "25006479"]
[BlackFideId "5061245"]
[EventDate "2016.10.01"]

1. Nf3 Nf6 2. g3 g6 3. Bg2 Bg7 4. O-O O-O 5. d4 d5 6. Nbd2 c6 7. c4 dxc4 8. Nxc4
Be6 9. b3 Nbd7 10. Bb2 h6 11. Rc1 Qc7 12. e3 a5 13. Ncd2 a4 14. e4 Qb6 15. Re1
Rfd8 16. h3 axb3 17. axb3 Ra2 18. Bc3 Rda8 19. Bf1 Qd8 20. Rc2 Ne8 21. Rxa2 Rxa2
22. Qb1 Qa8 23. Bb4 Bf8 24. Nc4 Nc7 25. Nh4 Qa7 26. Ne3 Bg7 27. e5 c5 28. Bxc5
Nxc5 29. dxc5 Bxe5 30. Nef5 Bxf5 31. Nxf5 Ra1 32. Nxh6+ Kg7 33. Qe4 Rxe1 34.
Qxe1 Qxc5 35. Ng4 Bxg3 36. b4 Qd4 37. Qxe7 Bd6 38. Qg5 Ne6 39. Qh6+ Kg8 40. b5
Bf4 41. Qh4 Ng5 42. Be2 f5 43. Kf1 fxg4 44. Qxg4 Kg7 45. Kg2 Qe4+ 46. Kg1 Ne6
47. Bf1 b6 48. Bg2 Qb1+ 49. Bf1 Qf5 50. Qd1 Be5 51. Qd7+ Kh6 52. Qe7 Qg5+ 53.
Qxg5+ Kxg5 54. Kg2 Kf4 55. h4 Kg4 0-1

[Event "chess.com IoM Masters"]
[Site "Douglas ENG"]
[Date "2016.10.05"]
[Round "5.29"]
[White "Mannion, Stephen R"]
[Black "Hillarp Persson, Tiger"]
[Result "1/2-1/2"]
[WhiteTitle "IM"]
[BlackTitle "GM"]
[WhiteElo "2313"]
[BlackElo "2513"]
[WhiteFideId "2400111"]
[BlackFideId "1700812"]
[EventDate "2016.10.01"]

1. e4 e6 2. d4 d5 3. Nd2 Be7 4. Bd3 c5 5. dxc5 Nf6 6. Qe2 O-O 7. Ngf3 a5 8. h4
Nfd7 9. e5 h6 10. Nb3 Nc6 11. c3 a4 12. Nbd4 Nxc5 13. Bc2 f5 14. a3 Ne4 15. Bf4
Bd7 16. h5 Rc8 17. g3 Qa5 18. O-O Be8 19. Nxe6 Bxh5 20. Nxf8 Rxf8 21. Qd3 g5 22.
Bc1 Kg7 23. Nd4 Nxe5 24. Qe3 Qa6 25. f4 Ng4 26. Qd3 Qb6 27. Kg2 Bg6 28. Qb5 Qxb5
29. Nxb5 Bc5 30. Nd4 Bxd4 31. cxd4 Rc8 32. Bd3 Kf6 33. Re1 Be8 34. Re2 Rc6 35.
Be3 Rb6 36. Bg1 Rb3 37. Rd1 Bc6 38. Bxe4 fxe4 39. fxg5+ Kxg5 40. Rc2 Bb5 41. Re1
Bc4 42. Kh3 b5 43. Kg2 h5 44. Kh3 h4 45. Rc3 Rxb2 46. gxh4+ Kh5 47. Rg3 Rb3 48.
Be3 Nxe3 49. Rexe3 Bf1+ 50. Kh2 Rb2+ 51. Kg1 Be2 52. Rg5+ Kxh4 53. Rxd5 Bf3 54.
Rd8 Kg3 55. Rg8+ Kf4 56. Re1 Rd2 57. Rf8+ Kg3 58. Rg8+ Kf4 59. Rf8+ Kg3 60. Rg8+
Bg4 61. Re8 Rg2+ 62. Kf1 Rf2+ 63. Kg1 Rg2+ 64. Kf1 Rh2 65. Kg1 Rg2+ 1/2-1/2

[Event "chess.com IoM Masters"]
[Site "Douglas ENG"]
[Date "2016.10.05"]
[Round "5.30"]
[White "Kavutskiy, Konstantin"]
[Black "Zumsande, Martin"]
[Result "1/2-1/2"]
[WhiteTitle "FM"]
[BlackTitle "IM"]
[WhiteElo "2332"]
[BlackElo "2490"]
[WhiteFideId "2026384"]
[BlackFideId "4651324"]
[EventDate "2016.10.01"]

1. d4 d5 2. c4 c6 3. Nf3 Nf6 4. e3 a6 5. Nc3 b5 6. b3 Bg4 7. Be2 Nbd7 8. h3 Bf5
9. Bb2 e6 10. O-O Bd6 11. Nh4 Be4 12. Nf3 O-O 13. Nxe4 Nxe4 14. cxd5 cxd5 15. a4
Qb6 16. Nd2 f5 17. Nxe4 fxe4 18. axb5 axb5 19. Rxa8 Rxa8 20. Qc2 Nf6 21. Ra1
Rxa1+ 22. Bxa1 b4 23. Bb2 Kf7 24. Bc1 Qc7 25. Qxc7+ Bxc7 26. Bd2 Bd6 27. Bb5 g5
28. f3 h5 29. Be2 Kg6 30. Kf2 h4 31. Ba6 Kf5 32. Bc8 Bg3+ 33. Kf1 Bd6 34. Kf2
Bg3+ 35. Kf1 Bd6 1/2-1/2